00719nam a22001457a 4500003000900000008004100009040007100050082002000121100002200141245002100163260003200184300005200216505026200268650004300530AR-CdUCM190308b ||||| |||| 00| 0 spa d aMUNICIPALIDAD PROVINCIAL DEL CUSCOcBIBLIOTECA MUNICIPAL DEL CUSCO a709.013 / bB34 aBecatti, Giovanni aEl arte romano / aMéxico : bUTEHA, c1964. aV, 156 páginas ; bilustraciones ; c16.5 cm. aContenido: Corrientes artísticas que se encuentran en Roma durante el período de los reyes y el de la república: la formación del arte romano -- El período de Sila y César: el eclecticismo y la difución de un lenguaje -- Artísitco romano ... aArte romano - História - Evolución